000 00401cam a22001217a 4500
008 180718b1966 xxu||||| |||| 00| 0 eng d
082 _aA81x54 In2/61/10/PT6/1
100 _aCensus of India 1961
245 _aMaharashtra: village survey monograph, Kunkeri
260 _aDelhi
_bThe Manager of Publications
_c1966
300 _a139+p.
440 _aCensus of India 1961. Volume X, Maharashtra. Part VI (1)
999 _c484269
_d484269